000 00231nam a2200097Ia 4500
005 20251222154433.0
008 251222s9999||||xx |||||||||||||| ||spa||
082 _aREF.985.008/C76/T.X
245 0 _aSímbolo de la patria
942 _cLIB
999 _c36515
_d36515